Dạy học môn phương pháp nghiên cứu khoa học ở trường đại học

Guardat en:
Dades bibliogràfiques
Autor principal: Đỗ, Tiến Sĩ
Format: Llibre
Idioma:Undetermined
Matèries:
Accés en línia:http://lrc.tdmu.edu.vn/opac/search/detail.asp?aID=2&ID=20134
Etiquetes: Afegir etiqueta
Sense etiquetes, Sigues el primer a etiquetar aquest registre!
Thư viện lưu trữ: Trung tâm Học liệu Trường Đại học Thủ Dầu Một
LEADER 00635nam a2200145Ia 4500
001 TDMU_20134
008 210410s9999 xx 000 0 und d
082 |a 378 
100 |a Đỗ, Tiến Sĩ 
245 0 |a Dạy học môn phương pháp nghiên cứu khoa học ở trường đại học 
245 0 |c Đỗ Tiến Sĩ 
300 |a Tr.29-31 
650 |a Giáo dục đại học  |x Phương pháp nghiên cứu khoa học; Nghiên cứu khoa học; Dạy học 
856 |u http://lrc.tdmu.edu.vn/opac/search/detail.asp?aID=2&ID=20134 
980 |a Trung tâm Học liệu Trường Đại học Thủ Dầu Một